000 00491nam a2200181Ia 4500
008 100917s9999 xx 000 0 und d
082 _b62493
100 _aआनंद मुल्कराज
245 _aरस्ता
260 _bश्रीविद्या प्रकाशन
_c---
300 _a72
365 _b15
520 _aकादंबरी
630 _aरस्ता
650 _aकादंबरी
730 _aरस्ता
942 _cBOOK
999 _c667887
_d667884